Premier League Stadiums (24/25) - Statistics

General Stats
  • This quiz has been taken 62 times
  • The average score is 14 of 20
Answer Stats
Year opened Answer Capacity % Correct
1910 Old Trafford 74,197
100%
1884 Anfield 61,276
91%
2006 Emirates Stadium 60,704
86%
2019 Tottenham Hotspur Stadium 62,850
86%
1877 Stamford Bridge 40,173
84%
2003 Etihad Stadium 52,900
82%
1892 Goodison Park 39,414
81%
1897 Villa Park 42,918
79%
1880 St James Park 52,258
77%
2016 London Stadium 62,500
70%
1896 Craven Cottage 24,500
68%
2002 King Power Stadium 32,259
65%
1924 Selhurst Park 25,194
61%
2011 Amex Stadium 31,876
60%
2001 St Mary’s Stadium 32,384
58%
1910 Vitality Stadium 11,307
53%
1898 City Ground 30,404
51%
1889 Molineux Stadium 31,750
51%
1884 Portman Road 29,813
37%
2020 Gtech Community Stadium 17,250
33%
No matching quizzes found
Score Distribution
Percent of People with Each Score
Percentile by Number Answered
Your Score History
You have not taken this quiz